000 00521nam a2200205 a 4500
003 AR-BaBNM
005 20251128203720.0
008 082120s2002 ||||||||||||||000 | spa||
040 _cAR-BaBNM
100 1 _aMises, Ludwig Edler von
245 0 0 _aReconstrucción monetaria
260 _aBuenos Aires
_bCentro de estudios sobre la libertad
_c1961
300 _a93 p.
650 4 _aSISTEMAS MONETARIOS
650 4 _aPOLITICA MONETARIA
650 4 _aDINERO
650 4 _aLIQUIDEZ
650 4 _aECONOMIA
942 _cBK
999 _c4605
_d4605